LEADER 01202nam a2200253 i 4500 001 000000051827 003 CaOOAMICUS 005 20240506123745.0 008 130227s1843 it u000 u lat u 013 $a22999 040 $aSeMil$bita 100 1 $aHuth, Adamo,$c.$0(OLS)http://semarc/name/25604 245 10$aJus canonicum ad libros 5. Decretalium Gregorii 9. explicatum :$bet per quaestiones, ac responsa in methodum brevem, et claram redactum /$cauthore R. P. Adamo Huth. 264 1$aVenetiis :$bApud Haeredes Balleonios,$c1843. 300 $a526 p. ;$c21 cm. 650 4$aDiritto canonico.$0(OLS)http://semarc/subject/207 650 4$aGregorio IX - Atti e Decreti.$0(OLS)http://semarc/subject/809 850 $aSeMil 852 $aSeMil$W1$xVenegono$y1$m2G I 65 FA$j17982$B17982$CSeMilBibl$Z2$F17983 $8I 941 1 $a10 961 $aRecupero: Mantegazza 996 $6245$aJus canonicum ad libros 5. Decretalium Gregorii 9. explicatum :$bet per quaestiones, ac responsa in methodum brevem, et claram redactum$9(OLS)http://semarc/title/79451 996 $6264$aVenetiis :$bApud Haeredes Balleonios$9(OLS)http://semarc/publisher/36960 LEADER 01297nam a2200265 i 4500 001 000000049714 003 CaOOAMICUS 005 20230202123241.0 008 140402s1996 gw u000 u ger u 020 $a3-11-014757-2 040 $aSeMil$bita 100 1 $aSchmitt, Armin,$d<1934-2006>.$0(OLS)http://semarc/name/24628 245 10$aWende des Lebens :$bUntersuchungen zu einem Situations-Motiv der Bibel /$cArmin Schmitt. 260 $aBerlin ; New York :$bWalter de Gruyter,$c1996. 300 $aXI, 325 p. ;$c24 cm. 490 0 $aBeihefte zur Zeitschrift für die alttestamentliche Wissenschaft ;$v237 650 4$aBibbia. Antico Testamento - Commentari, studi, critica, interpretazioni.$0(OLS)http://semarc/subject/2 830 0$aBeihefte zur Zeitschrift für die alttestamentliche Wissenschaft ;$v237.$0(OLS)http://semarc/title/294 850 $aSeMil 852 $aSeMil$W1$xVenegono$y1$m2XA Q 237$j236959$B15869$CSeMilBibl$Z2$F15869 $81 961 $aAcquisto: Casa editrice 996 $6020$a3-11-014757-2$9(OLS)http://semarc/number/23219 996 $6245$aWende des Lebens :$bUntersuchungen zu einem Situations-Motiv der Bibel$9(OLS)http://semarc/title/75729 996 $6260$aBerlin ; New York :$bWalter de Gruyter$9(OLS)http://semarc/publisher/29849